B practical guide : (Record no. 196500)

MARC details
000 -LEADER
fixed length control field 00808nam a2200241Ia 4500
003 - CONTROL NUMBER IDENTIFIER
control field OSt
005 - DATE AND TIME OF LATEST TRANSACTION
control field 20260122160334.0
008 - FIXED-LENGTH DATA ELEMENTS--GENERAL INFORMATION
fixed length control field 210716s2018 xx 000 0 und d
020 ## - INTERNATIONAL STANDARD BOOK NUMBER
International Standard Book Number 9789332584914
040 ## - CATALOGING SOURCE
Transcribing agency AIMIT LIBRARY
041 ## - LANGUAGE CODE
Language code of text/sound track or separate title eng
082 ## - DEWEY DECIMAL CLASSIFICATION NUMBER
Classification number 330.015195
Edition number 7
Item number STUA
100 ## - MAIN ENTRY--PERSONAL NAME
Personal name Studenmund, A H.
9 (RLIN) 252249
245 ## - TITLE STATEMENT
Title B practical guide :
Remainder of title practical guide to using econometrics /
Statement of responsibility, etc. By A H Studenmund and Bruce K Johnson.
250 ## - EDITION STATEMENT
Edition statement 7st ed.
260 ## - PUBLICATION, DISTRIBUTION, ETC.
Place of publication, distribution, etc. New Delhi :
Name of publisher, distributor, etc. Pearson Education ,
Date of publication, distribution, etc. 2018.
300 ## - PHYSICAL DESCRIPTION
Extent 572p. ;
Other physical details PB
Dimensions 23.3 cm
650 ## - SUBJECT ADDED ENTRY--TOPICAL TERM
Topical term or geographic name entry element Ordinary least squares
9 (RLIN) 252250
650 ## - SUBJECT ADDED ENTRY--TOPICAL TERM
Topical term or geographic name entry element Specification: choosinga functional form
9 (RLIN) 252251
650 ## - SUBJECT ADDED ENTRY--TOPICAL TERM
Topical term or geographic name entry element Running your own regression project
9 (RLIN) 252252
700 ## - ADDED ENTRY--PERSONAL NAME
Personal name Johnson, Bruce K.
9 (RLIN) 252253
942 ## - ADDED ENTRY ELEMENTS (KOHA)
Source of classification or shelving scheme Dewey Decimal Classification
Koha item type Book
Edition 7th
Call number prefix 330.015195 STUA
Holdings
Withdrawn status Lost status Source of classification or shelving scheme Damaged status Not for loan Collection code Home library Current library Source of acquisition Cost, normal purchase price Inventory number Total Checkouts Full call number Barcode Date last seen Cost, replacement price Price effective from Koha item type
    Dewey Decimal Classification     MCA St Aloysius Institute of Management & Information Technology St Aloysius Institute of Management & Information Technology Book Paradise 629.00 Bill no:87931; Bill dt:2018-03-2   330.015195 STUA MCA16015 05/23/2026 440.30 07/16/2021 Book